| 000 | 00720nam a2200277 a 4500 | ||
|---|---|---|---|
| 999 |
_c8438 _d8438 |
||
| 001 | 8438 | ||
| 003 | BD-JhCC | ||
| 005 | 20180224175430.0 | ||
| 008 | 180224s1969 at a 001 0 eng d | ||
| 035 | _a(BD-JhCC)8438 | ||
| 040 |
_aBD-JhCC _cDLC _dBD-JhCC |
||
| 041 | _aeng | ||
| 050 | 0 | 0 |
_aN365.A9 _bD5 |
| 082 | 0 | 0 |
_a707 _bMAX 1969 |
| 100 | 1 | _aDimmack, Max. | |
| 245 | 1 | 0 | _aArt techniques for students. |
| 260 |
_a[Melbourne] _bMacmillan of Australia, _c1969. |
||
| 300 |
_a180 p. _billus., diagrs. _c25 cm. |
||
| 350 | _a4.00 | ||
| 504 | _aIncludes Index | ||
| 650 | 0 |
_aArt _xStudy and teaching _zAustralia. |
|
| 650 | 0 |
_aArt _xTechnique. |
|
| 650 | 0 | _aArtists' materials. | |
| 942 |
_2ddc _cBK |
||